[Event "21st European Teams Women"]
[Site "Hersonissos GRE"]
[Date "2017.11.05"]
[Round "8.2"]
[Board "4"]
[White "Melia, Salome"]
[Black "Kulon, Klaudia"]
[Result "1/2-1/2"]
[WhiteTitle "IM"]
[BlackTitle "WGM"]
[WhiteElo "2412"]
[BlackElo "2358"]
[WhiteTeam "Georgia"]
[BlackTeam "Poland"]
[WhiteFideId "13602446"]
[BlackFideId "1131044"]
[EventDate "2017.10.28"]

1. e4 e5 2. Nf3 Nc6 3. Bc4 Nf6 4. d3 Bc5 5. O-O d6 6. c3 a6 7. h3 Ba7 8. Bb3 h6
9. Re1 O-O 10. Nbd2 Ne7 11. Nf1 Ng6 12. d4 b5 13. Ng3 c5 14. Be3 Qc7 15. Qd2 Kh7
16. Bc2 Re8 17. Rad1 Be6 18. Nf5 Bxf5 19. exf5 Ne7 20. dxe5 dxe5 21. Qd6 Qxd6
22. Rxd6 Ned5 23. Rxa6 Nxe3 24. fxe3 c4 25. Kf1 e4 26. Nd2 h5 27. Ke2 h4 28. a4
bxa4 29. Rxa4 Bb6 30. Rxa8 Rxa8 31. Nxc4 Bc7 32. Nd2 Ra2 33. Rb1 Be5 34. Nc4 Bc7
35. Rd1 Bg3 36. Bb3 Ra7 37. Rd4 Ra1 38. Bd1 Ra2 39. Rd2 Kh6 40. Bb3 Ra7 41. Kd1
Ra1+ 42. Kc2 Rg1 43. Re2 Kg5 44. Nd2 Kxf5 45. Bxf7 g5 46. b4 g4 47. hxg4+ Nxg4
48. b5 Rxg2 49. Rxg2 Nxe3+ 50. Kb3 Nxg2 51. Bd5 e3 52. Bxg2 exd2 53. Kc2 Ke5 54.
Kxd2 Kd6 55. b6 Kc5 56. b7 Kb6 57. c4 Kc7 1/2-1/2

[Event "21st European Teams Women"]
[Site "Hersonissos GRE"]
[Date "2017.11.05"]
[Round "8.3"]
[Board "1"]
[White "Zimina, Olga"]
[Black "Bulmaga, Irina"]
[Result "1/2-1/2"]
[WhiteTitle "IM"]
[BlackTitle "IM"]
[WhiteElo "2394"]
[BlackElo "2423"]
[WhiteTeam "Italy"]
[BlackTeam "Romania"]
[WhiteFideId "4132190"]
[BlackFideId "13903063"]
[EventDate "2017.10.28"]

1. Nf3 Nf6 2. c4 e6 3. g3 d5 4. Bg2 d4 5. O-O c5 6. d3 Nc6 7. e3 Bd6 8. exd4
cxd4 9. Na3 O-O 10. Nc2 e5 11. b4 Re8 12. c5 Bf8 13. Bg5 a6 14. Nd2 h6 15. Bxf6
Qxf6 16. Nc4 Bf5 17. Re1 g5 18. a4 Rad8 19. Qd2 Bg4 20. b5 Nb8 21. Nb4 Bxc5 22.
Nd5 Qg7 23. Nc7 Re7 24. Nd5 Ree8 25. Nc7 Re7 26. Nd5 1/2-1/2

[Event "21st European Teams Women"]
[Site "Hersonissos GRE"]
[Date "2017.11.05"]
[Round "8.3"]
[Board "2"]
[White "Peptan, Corina-Isabela"]
[Black "Brunello, Marina"]
[Result "1-0"]
[WhiteTitle "IM"]
[BlackTitle "FM"]
[WhiteElo "2399"]
[BlackElo "2353"]
[WhiteTeam "Romania"]
[BlackTeam "Italy"]
[WhiteFideId "1201930"]
[BlackFideId "822590"]
[EventDate "2017.10.28"]

1. c4 c5 2. Nf3 g6 3. Nc3 Bg7 4. g3 Nc6 5. Bg2 e5 6. O-O Nge7 7. Ne1 O-O 8. Nc2
d6 9. Ne3 Be6 10. Ned5 Qd7 11. d3 h6 12. a3 Bh3 13. Bxh6 f6 14. Bxg7 Kxg7 15. f3
Rh8 16. Rf2 Bxg2 17. Rxg2 Rh3 18. Ne4 Nxd5 19. cxd5 Ne7 20. Nf2 Rh7 21. e4 Rah8
22. Qd2 f5 23. f4 Re8 24. Qc3 Nc8 25. g4 fxe4 26. dxe4 Kf8 27. fxe5 Rxe5 28. Nd3
Rxe4 29. Nxc5 dxc5 30. Qf3+ 1-0

[Event "21st European Teams Women"]
[Site "Hersonissos GRE"]
[Date "2017.11.05"]
[Round "8.3"]
[Board "3"]
[White "Sedina, Elena"]
[Black "Cosma, Elena-Luminita"]
[Result "1/2-1/2"]
[WhiteTitle "IM"]
[BlackTitle "WGM"]
[WhiteElo "2288"]
[BlackElo "2333"]
[WhiteTeam "Italy"]
[BlackTeam "Romania"]
[WhiteFideId "812153"]
[BlackFideId "1201590"]
[EventDate "2017.10.28"]

1. e4 e6 2. d4 d5 3. e5 c5 4. c3 Nc6 5. Nf3 Bd7 6. Be2 Nge7 7. O-O Nf5 8. dxc5
Bxc5 9. Bd3 Nh4 10. Nbd2 Ng6 11. Nb3 Bb6 12. Qe2 Qb8 13. Re1 O-O 14. Be3 Ncxe5
15. Bxb6 Nxf3+ 16. Qxf3 axb6 17. Qe3 Qd6 18. a3 Rae8 19. Rad1 Ba4 20. Bc2 e5 21.
Qd3 Bc6 22. Qf5 Qf6 23. Qxf6 gxf6 24. g3 Rd8 25. Rd2 Rfe8 26. Red1 Ra8 27. h4
Nf8 28. Nc1 Ne6 29. Ne2 Nc7 30. Bb3 Red8 31. Nc1 Rd7 32. Bc2 Rad8 33. Ne2 Ne6
34. Bf5 Ba4 35. Bc2 Bb5 36. Bd3 Bxd3 37. Rxd3 Nc5 38. R3d2 Nb3 39. Rd3 Nc5 40.
R3d2 Kf8 41. f3 Ke7 42. Kf2 f5 43. Re1 Ne6 44. Red1 f6 45. Ke3 Nc5 46. Nc1 Kf7
47. Ne2 Nb3 48. Rc2 Ke6 49. Kf2 Rc8 50. Nc1 Nc5 51. Rcd2 Rg8 52. Ne2 Nb3 53. Rd3
Rgd8 54. Nc1 Na5 55. R3d2 Rc8 56. Re2 Rcd8 57. Red2 Rg8 58. Ne2 Nc4 59. Rc2 Rdg7
60. Re1 Kd6 61. Rg1 Kc6 62. a4 Kd6 63. b3 Na5 64. Rd1 Rd7 65. Rcd2 Ke6 66. Rb2
Rc8 67. Re1 Kf7 68. Rd1 Ra8 69. Nc1 Ke6 70. Ne2 Rd6 71. Re1 Kf7 72. Rd1 Rad8 73.
Ke3 R8d7 74. Kf2 Nc6 75. Rbd2 Nd8 76. Nc1 Ne6 77. Ne2 Ke7 78. Ke3 Rd8 79. Kf2
Nc7 80. Re1 Re6 81. Nc1 b5 82. a5 Ra8 83. b4 b6 84. Nb3 bxa5 85. Nxa5 Kf7 86.
Rd3 Rea6 87. Re2 Rd8 88. Nb7 Rb8 89. Na5 Rab6 90. Red2 Rd8 91. Ke2 Re8 92. Kf2
e4 93. Re3 Rbe6 94. Nb3 Ra6 95. Nd4 Kg6 96. Ne2 Rc8 97. Nf4+ Kf7 98. Ke2 Rg8 99.
Kf2 Rc6 100. Ne2 Ra8 101. Nd4 Rca6 102. Nxf5 Ra2 103. Ree2 Rxd2 104. Rxd2 exf3
105. Kxf3 Ra3 106. Rd3 Ke6 107. Nd4+ Kd6 108. Re3 Ra1 109. Nf5+ Kc6 110. Nd4+
Kd6 111. Kg4 Ra8 112. Kh5 Rf8 113. Nf5+ Kc6 114. Re7 Ra8 115. Nd4+ Kd6 116. Rxh7
Ne6 117. Nxb5+ Ke5 118. Re7 Rh8+ 119. Kg6 Rg8+ 120. Kf7 Rf8+ 121. Kg6 Rg8+ 122.
Kh7 Rxg3 123. Nc7 Kd6 124. Rxe6+ Kxc7 125. h5 Rxc3 126. h6 Rg3 127. Rxf6 d4 128.
b5 d3 129. b6+ Kb7 130. Rd6 Ka6 131. Kh8 Kb7 132. h7 Ka6 133. Rxd3 1/2-1/2

[Event "21st European Teams Women"]
[Site "Hersonissos GRE"]
[Date "2017.11.05"]
[Round "8.3"]
[Board "4"]
[White "L'Ami, Alina"]
[Black "Gueci, Tea"]
[Result "0-1"]
[WhiteTitle "IM"]
[BlackTitle "WFM"]
[WhiteElo "2286"]
[BlackElo "2161"]
[WhiteTeam "Romania"]
[BlackTeam "Italy"]
[WhiteFideId "1210246"]
[BlackFideId "872342"]
[EventDate "2017.10.28"]

1. d4 e6 2. c4 b6 3. e4 Bb4+ 4. Bd2 Bxd2+ 5. Qxd2 d5 6. cxd5 exd5 7. Bd3 dxe4 8.
Bxe4 c6 9. Nc3 Nf6 10. Bc2 O-O 11. Nge2 Na6 12. Rd1 Nb4 13. Bb1 Nbd5 14. O-O Re8
15. Ng3 Be6 16. Rfe1 Qd7 17. Qg5 h6 18. Qc1 Rad8 19. f3 Qc7 20. Nce4 Re7 21. Qc2
g6 22. a3 Kg7 23. b4 Qf4 24. Qxc6 Rc7 25. Qb5 Nxe4 26. Nxe4 Ne3 27. g3 Qxf3 28.
Rd2 Nc4 29. Rf2 Qxa3 30. Nd2 Qc3 31. Rxe6 a6 32. Qxa6 fxe6 33. Nxc4 Qxc4 34.
Qxb6 Rxd4 35. Qb8 Rd1+ 36. Kg2 Qd5+ 37. Kh3 Qd6 38. Be4 Rd4 39. Rf4 Rxb4 40. Qe8
e5 41. Rg4 g5 42. Bd5 Rxg4 43. Qg8+ Kf6 44. Kxg4 Qd7+ 45. Kf3 Qf5+ 46. Ke3 Rc3+
47. Kd2 Rc2+ 0-1

[Event "21st European Teams Women"]
[Site "Hersonissos GRE"]
[Date "2017.11.05"]
[Round "8.4"]
[Board "1"]
[White "Muzychuk, Anna"]
[Black "Vega Gutierrez, Sabrina"]
[Result "1/2-1/2"]
[WhiteTitle "GM"]
[BlackTitle "IM"]
[WhiteElo "2576"]
[BlackElo "2405"]
[WhiteTeam "Ukraine"]
[BlackTeam "Spain"]
[WhiteFideId "14111330"]
[BlackFideId "2219026"]
[EventDate "2017.10.28"]

1. e4 c5 2. Nf3 Nc6 3. d4 cxd4 4. Nxd4 Nf6 5. Nc3 e5 6. Ndb5 d6 7. Bg5 a6 8. Na3
b5 9. Bxf6 gxf6 10. Nd5 Bg7 11. Bd3 Ne7 12. Nxe7 Qxe7 13. O-O O-O 14. c3 f5 15.
Nc2 Rb8 16. exf5 e4 17. Re1 Bxf5 18. Ne3 Bg6 19. Nd5 Qe5 20. Bc2 Kh8 21. Qd2 f5
22. f4 Qe8 23. Bb3 Qd7 24. Qf2 a5 25. a3 Bf7 26. Rad1 Qb7 27. Re3 Qa7 28. Rh3
Qxf2+ 29. Kxf2 b4 30. cxb4 Bxb2 31. bxa5 Rb5 32. a4 Rxa5 33. Nb6 Ba3 34. Nd7
Bxb3 35. Rxb3 Rf7 36. Rxa3 Rxd7 37. Rb1 Kg7 38. Rb5 Rda7 39. Rxa5 Rxa5 40. Ke3
h5 41. Kd4 Kf6 42. Kc4 Ke6 43. g3 d5+ 44. Kb4 Ra8 45. a5 Rb8+ 46. Kc3 Rc8+ 47.
Kd2 d4 48. a6 Kd5 49. Ra5+ Ke6 50. h3 Ra8 51. Re5+ Kf6 52. Ra5 Ra7 53. Ra4 Ke6
54. Ra5 d3 55. Ke3 Kf6 56. Ra2 Ke6 57. Ra5 Kf6 58. Ra2 Ke6 1/2-1/2

[Event "21st European Teams Women"]
[Site "Hersonissos GRE"]
[Date "2017.11.05"]
[Round "8.4"]
[Board "2"]
[White "Garcia Martin, Marta"]
[Black "Zhukova, Natalia"]
[Result "0-1"]
[WhiteTitle "FM"]
[BlackTitle "GM"]
[WhiteElo "2315"]
[BlackElo "2426"]
[WhiteTeam "Spain"]
[BlackTeam "Ukraine"]
[WhiteFideId "32084030"]
[BlackFideId "14101513"]
[EventDate "2017.10.28"]

1. e4 e5 2. Nf3 Nc6 3. Bc4 Bc5 4. c3 Nf6 5. d3 d6 6. O-O a6 7. Nbd2 Ba7 8. Bb3
h6 9. Re1 g5 10. Nf1 g4 11. N3d2 h5 12. Nc4 h4 13. Be3 h3 14. g3 d5 15. exd5
Qxd5 16. f3 gxf3 17. Qd2 f2+ 18. Qxf2 Qg2+ 19. Qxg2 hxg2 20. Kxg2 Bh3+ 21. Kg1
Bxe3+ 22. Nfxe3 O-O-O 23. Bc2 Nh7 24. Nf1 Ng5 25. Nfd2 f6 26. a4 Rh6 27. b4 Bf5
28. Re3 Ne7 29. Ne4 Nh3+ 30. Kf1 Nd5 31. Ree1 Ng5 32. Nxg5 Rxh2 33. Nf7 Rxc2 34.
Nxd8 Bxd3+ 35. Kg1 Bxc4 36. Ne6 Nxc3 37. Nc5 Ne2+ 38. Kf2 Nd4+ 39. Ke3 Rg2 0-1

[Event "21st European Teams Women"]
[Site "Hersonissos GRE"]
[Date "2017.11.05"]
[Round "8.4"]
[Board "3"]
[White "Ushenina, Anna"]
[Black "Matnadze, Ana"]
[Result "0-1"]
[WhiteTitle "GM"]
[BlackTitle "IM"]
[WhiteElo "2445"]
[BlackElo "2368"]
[WhiteTeam "Ukraine"]
[BlackTeam "Spain"]
[WhiteFideId "14110911"]
[BlackFideId "13601377"]
[EventDate "2017.10.28"]

1. c4 Nf6 2. Nf3 e6 3. Nc3 d5 4. d4 Be7 5. Bf4 c6 6. e3 Nbd7 7. h3 O-O 8. a3 Ne4
9. Qc2 f5 10. Bd3 a6 11. Ke2 b5 12. cxd5 cxd5 13. g4 Bb7 14. gxf5 exf5 15. Qb3
Kh8 16. Rhg1 Qe8 17. Ne5 Nxe5 18. Bxe5 Bf6 19. Bxe4 dxe4 20. Bxf6 Rxf6 21. Kd2
f4 22. Ne2 fxe3+ 23. fxe3 Qd7 24. Rg5 h6 25. Re5 Qxh3 26. Re7 Rf2 27. Re1 Bc6
28. Qc3 Bd5 29. Qc7 Rc8 30. Qe5 Qxe3+ 31. Kxe3 Rf3+ 0-1

[Event "21st European Teams Women"]
[Site "Hersonissos GRE"]
[Date "2017.11.05"]
[Round "8.4"]
[Board "4"]
[White "Delgado Crespo, Mairelys"]
[Black "Gaponenko, Inna"]
[Result "0-1"]
[WhiteTitle "WGM"]
[BlackTitle "IM"]
[WhiteElo "2260"]
[BlackElo "2433"]
[WhiteTeam "Spain"]
[BlackTeam "Ukraine"]
[WhiteFideId "3501868"]
[BlackFideId "14101181"]
[EventDate "2017.10.28"]

1. e4 d6 2. d4 Nf6 3. Nc3 g6 4. Nf3 Bg7 5. Be2 O-O 6. O-O Bg4 7. h3 Bxf3 8. Bxf3
Nc6 9. Bg5 h6 10. Be3 Nh7 11. Qd2 Ng5 12. Bd1 e6 13. f4 Nh7 14. Bf3 e5 15. fxe5
dxe5 16. d5 Nd4 17. Bd1 h5 18. Ne2 Nxe2+ 19. Bxe2 Nf6 20. Bf3 Qd6 21. c4 c5 22.
b4 Nd7 23. a3 b6 24. Rab1 Rac8 25. Qd3 Rc7 26. g4 hxg4 27. hxg4 f6 28. g5 f5 29.
Bd2 Re8 30. Bg2 f4 31. Bh3 Nf8 32. Rf2 Nh7 33. Rg2 Bf8 34. Rf1 Qd8 35. Kf2 b5
36. cxb5 c4 37. Qc3 Nxg5 38. Rxg5 Qxg5 39. Be6+ Rxe6 40. dxe6 Qh4+ 41. Ke2 Qg4+
42. Kf2 Qxe6 43. Rh1 Rd7 44. Bc1 Rd4 45. Qf3 Rd3 46. Qg2 Bg7 47. Qg5 Qb6+ 48.
Ke1 Qd4 49. Qg2 Rd1+ 50. Ke2 Qd3+ 51. Kf2 Qc2+ 52. Kf3 Rd3+ 0-1

[Event "21st European Teams Women"]
[Site "Hersonissos GRE"]
[Date "2017.11.05"]
[Round "8.5"]
[Board "1"]
[White "Worek, Joanna"]
[Black "Danielian, Elina"]
[Result "0-1"]
[WhiteTitle "WGM"]
[BlackTitle "GM"]
[WhiteElo "2299"]
[BlackElo "2415"]
[WhiteTeam "Czech Republic"]
[BlackTeam "Armenia"]
[WhiteFideId "1118080"]
[BlackFideId "13300210"]
[EventDate "2017.10.28"]

1. e4 c6 2. d4 d5 3. e5 Bf5 4. h4 a6 5. g4 Bd7 6. h5 Qc7 7. Be3 c5 8. c3 e6 9.
a3 Nc6 10. Nh3 f6 11. exf6 Nxf6 12. g5 Ne4 13. Nd2 Nd6 14. Bd3 e5 15. dxc5 Nf5
16. Qe2 O-O-O 17. Nb3 Nxe3 18. fxe3 e4 19. Bc2 Ne5 20. O-O-O Bg4 21. Qf2 Bxd1
22. Qf5+ Kb8 23. Rxd1 g6 24. Qe6 Qe7 25. Nd4 Nc4 26. Nf4 Qxc5 27. Qh3 Bd6 28. b4
Qc8 29. Qxc8+ Rxc8 30. Nxd5 gxh5 31. Bxe4 Nxe3 32. Nxe3 Rhe8 33. Ndc2 Bf4 34.
Rd4 Rxc3 35. Kd2 Rxc2+ 36. Kxc2 Bxe3 37. Rc4 b5 38. Bc6 Rc8 0-1

[Event "21st European Teams Women"]
[Site "Hersonissos GRE"]
[Date "2017.11.05"]
[Round "8.5"]
[Board "2"]
[White "Mkrtchian, Lilit"]
[Black "Olsarova, Karolina"]
[Result "1/2-1/2"]
[WhiteTitle "IM"]
[BlackTitle "WIM"]
[WhiteElo "2390"]
[BlackElo "2293"]
[WhiteTeam "Armenia"]
[BlackTeam "Czech Republic"]
[WhiteFideId "13300601"]
[BlackFideId "320242"]
[EventDate "2017.10.28"]

1. Nf3 Nf6 2. c4 e6 3. e3 b6 4. b3 Bb7 5. Bb2 c5 6. d4 cxd4 7. exd4 Bb4+ 8. Nbd2
d5 9. Bd3 O-O 10. O-O Re8 11. Qe2 Nc6 12. Rfd1 Ne7 13. a3 Bd6 14. Ne5 Ng6 15.
Qe3 Rc8 16. f4 dxc4 17. bxc4 b5 18. c5 Nd5 19. Qf2 Bxe5 20. fxe5 Ndf4 21. Be4
Bd5 22. Kh1 Qg5 23. Rac1 h5 24. Rc3 h4 25. Rf3 Rf8 26. Bxd5 exd5 27. Rf1 f6 28.
Rxf4 Nxf4 29. Qxf4 Qxf4 30. Rxf4 fxe5 31. Rxh4 Rf2 32. Bc3 exd4 33. Bb4 a5 34.
Bxa5 Rxc5 35. h3 Rc1+ 36. Kh2 Re1 37. Rxd4 Ree2 38. Kg3 Rxg2+ 39. Kf4 Rgf2+ 40.
Kg3 Rg2+ 41. Kf3 Ref2+ 42. Ke3 Rf5 43. Bc7 Rg6 44. Rd3 Rc6 45. Bg3 Rh5 46. h4
Re6+ 47. Kd4 Rf5 48. Kc5 d4+ 49. Kxd4 Ra6 50. Ne4 Ra4+ 51. Ke3 Rf8 52. Bd6 Re8
53. Rd4 Ra6 54. Kd3 Rc6 55. Nc3 Rb6 56. Ne4 Kh7 57. Rd5 Rc8 58. Nc3 Rd8 59. Nxb5
Rxb5 60. Rxb5 Rxd6+ 61. Kc3 Rh6 62. h5 Rf6 63. a4 Rf4 64. Kb3 Kh6 65. a5 Rf3+
66. Kb4 Rf4+ 67. Kb3 Rf3+ 68. Ka4 Rf4+ 69. Rb4 Rf1 70. Rg4 Rf7 71. Rh4 Kg5 72.
Rh2 Rf4+ 73. Kb5 Rf5+ 74. Kb6 Rf6+ 75. Kc7 Rf7+ 76. Kb6 Rf6+ 77. Kb5 Rf5+ 78.
Kb4 Rf4+ 79. Kc5 Rf5+ 1/2-1/2

[Event "21st European Teams Women"]
[Site "Hersonissos GRE"]
[Date "2017.11.05"]
[Round "8.5"]
[Board "3"]
[White "Rodshtein, Tereza"]
[Black "Galojan, Lilit"]
[Result "0-1"]
[WhiteTitle "WGM"]
[BlackTitle "IM"]
[WhiteElo "2233"]
[BlackElo "2291"]
[WhiteTeam "Czech Republic"]
[BlackTeam "Armenia"]
[WhiteFideId "325449"]
[BlackFideId "13301314"]
[EventDate "2017.10.28"]

1. e4 c5 2. Nf3 d6 3. d4 cxd4 4. Nxd4 Nf6 5. Nc3 a6 6. Be2 e5 7. Nb3 Be7 8. O-O
Be6 9. h3 O-O 10. Bf3 Nbd7 11. Be3 Qc7 12. Qd2 Rac8 13. Rac1 Nb6 14. Bxb6 Qxb6
15. Nd5 Bxd5 16. exd5 Nd7 17. c4 f5 18. Qa5 Bd8 19. Qxb6 Bxb6 20. Be2 a5 21. a4
g6 22. Kh2 h5 23. Rcd1 Rce8 24. h4 Kg7 25. f3 Kf6 26. g3 Rg8 27. Bd3 g5 28. g4
hxg4 29. fxg4 f4 30. Bf5 Nc5 31. Nxc5 Bxc5 32. h5 e4 33. Rde1 Be3 34. Be6 Ke5
35. Bxg8 Rxg8 36. Rd1 Bd4 37. b3 Rf8 38. Kg2 Bc3 39. h6 f3+ 40. Kf2 Kf4 41. Kg1
Bb4 0-1

[Event "21st European Teams Women"]
[Site "Hersonissos GRE"]
[Date "2017.11.05"]
[Round "8.5"]
[Board "4"]
[White "Kursova, Maria"]
[Black "Novosadova, Kristyna"]
[Result "0-1"]
[WhiteTitle "WGM"]
[WhiteElo "2259"]
[BlackElo "2184"]
[WhiteTeam "Armenia"]
[BlackTeam "Czech Republic"]
[WhiteFideId "4129709"]
[BlackFideId "328065"]
[EventDate "2017.10.28"]

1. d4 Nf6 2. Nf3 g6 3. c4 Bg7 4. g3 O-O 5. Bg2 d5 6. cxd5 Nxd5 7. O-O Nb6 8. Nc3
Nc6 9. e3 Re8 10. h3 e5 11. d5 Na5 12. Nd2 c6 13. e4 cxd5 14. exd5 Nac4 15. b3
Nd6 16. Bb2 e4 17. Qc1 f5 18. Rd1 Nd7 19. Ne2 Ne5 20. Qb1 Nd3 21. Bxg7 Kxg7 22.
Nf1 Nf7 23. Rxd3 exd3 24. Qxd3 Bd7 25. Ne3 Qf6 26. Rd1 Nd6 27. a4 Rac8 28. h4 b5
29. a5 Ne4 30. Rb1 Nc3 31. Nxc3 Rxc3 32. Qd2 f4 33. gxf4 Rec8 34. d6 Qxf4 35. b4
Rc2 36. Qe1 Re8 37. Qf1 Rxe3 38. fxe3 Qxe3+ 39. Kh1 Qg3 40. Rd1 Bc6 0-1

[Event "21st European Teams Women"]
[Site "Hersonissos GRE"]
[Date "2017.11.05"]
[Round "8.6"]
[Board "1"]
[White "Eric, Jovana"]
[Black "Peng, Zhaoqin"]
[Result "1/2-1/2"]
[WhiteTitle "WIM"]
[BlackTitle "GM"]
[WhiteElo "2257"]
[BlackElo "2362"]
[WhiteTeam "Serbia"]
[BlackTeam "Netherlands"]
[WhiteFideId "938238"]
[BlackFideId "1004786"]
[EventDate "2017.10.28"]

1. e4 e6 2. d4 d5 3. Nc3 Bb4 4. e5 c5 5. a3 Bxc3+ 6. bxc3 Qc7 7. Nf3 Ne7 8. Bd3
b6 9. O-O Ba6 10. Bxa6 Nxa6 11. Qe2 Nb8 12. a4 Nd7 13. Ba3 O-O 14. h4 Rfe8 15.
h5 h6 16. Rfb1 Rac8 17. Qb5 Nc6 18. Bc1 Na5 19. Bf4 Nf8 20. Ne1 Qe7 21. Qe2 Qh4
22. g3 Qh3 23. Rd1 Qf5 24. Rd3 Nh7 25. Ng2 Ng5 26. Bxg5 hxg5 27. Ne3 Qe4 28. f3
Qh7 29. Kg2 cxd4 30. cxd4 Qxh5 31. Rh1 Qg6 32. Kg1 Nc4 33. Ng4 Kf8 34. Qe1 a5
35. Qb1 Ke7 36. Qb5 Rh8 37. Rxh8 Rxh8 38. Qc6 Rd8 39. Ne3 Qh7 40. Nxc4 dxc4 41.
Qxc4 Qh3 42. Qc7+ Rd7 43. Qxb6 Qxg3+ 44. Kf1 Qh3+ 45. Kg1 f6 46. Qxa5 Qg3+ 47.
Kf1 Qh3+ 48. Kg1 Qg3+ 49. Kf1 Qh3+ 50. Kg1 1/2-1/2

[Event "21st European Teams Women"]
[Site "Hersonissos GRE"]
[Date "2017.11.05"]
[Round "8.6"]
[Board "2"]
[White "Haast, Anne"]
[Black "Zarkovic, Mila"]
[Result "1-0"]
[WhiteTitle "WGM"]
[BlackTitle "WIM"]
[WhiteElo "2288"]
[BlackElo "2241"]
[WhiteTeam "Netherlands"]
[BlackTeam "Serbia"]
[WhiteFideId "1017292"]
[BlackFideId "900451"]
[EventDate "2017.10.28"]

1. e4 c5 2. Nf3 d6 3. d4 cxd4 4. Nxd4 Nf6 5. Nc3 a6 6. Be2 e6 7. O-O Be7 8. Be3
O-O 9. f4 Qc7 10. g4 d5 11. e5 Nfd7 12. g5 Nc6 13. Rf3 Nxd4 14. Bxd4 Bc5 15. Bf1
b5 16. Rh3 Bxd4+ 17. Qxd4 Qb6 18. Qxb6 Nxb6 19. Bd3 g6 20. Ne2 Bb7 21. Nd4 Rac8
22. Kf2 Kg7 23. Rg3 Na4 24. Rb1 Nc5 25. Ke3 b4 26. h4 a5 27. h5 Ba6 28. Rh3 Rh8
29. Rh2 a4 30. a3 Nxd3 31. cxd3 b3 32. h6+ Kf8 33. Rhh1 Ke7 34. Rbc1 Kd7 35. Kd2
Rhd8 36. Nf3 Ke7 37. Nh2 Rc2+ 38. Rxc2 bxc2 39. Ng4 Rb8 40. Kxc2 Rc8+ 41. Kd2
Rb8 42. Rb1 Rb3 43. Nf2 d4 44. Kc2 Bb7 45. Re1 Ba6 46. Re4 Rb7 47. Rxd4 Bb5 48.
Ne4 Bc6 49. Nf6 Rc7 50. Rc4 1-0

[Event "21st European Teams Women"]
[Site "Hersonissos GRE"]
[Date "2017.11.05"]
[Round "8.6"]
[Board "3"]
[White "Injac, Teodora"]
[Black "Paulet, Iozefina"]
[Result "1/2-1/2"]
[WhiteTitle "WFM"]
[BlackTitle "WGM"]
[WhiteElo "2244"]
[BlackElo "2281"]
[WhiteTeam "Serbia"]
[BlackTeam "Netherlands"]
[WhiteFideId "932400"]
[BlackFideId "1213261"]
[EventDate "2017.10.28"]

1. d4 Nf6 2. Nf3 c5 3. d5 e6 4. Nc3 exd5 5. Nxd5 Nxd5 6. Qxd5 d6 7. Ng5 Qe7 8.
Bf4 Be6 9. Nxe6 fxe6 10. Qd2 Nc6 11. e4 Qf6 12. O-O-O Be7 13. h4 Rf8 14. Be3 a6
15. Be2 O-O-O 16. c4 Qg6 17. f3 Bf6 18. g4 Bd4 19. Bg5 Rd7 20. h5 Qf7 21. h6 g6
22. Rhf1 e5 23. a3 Qe8 24. Qc2 Nd8 25. Kb1 Ne6 26. Bc1 Kb8 27. Rh1 Qd8 28. Rdf1
Rdf7 29. Bd1 Rg8 30. Rh2 g5 31. Rfh1 Rg6 32. Rh5 Rff6 33. R5h3 Qf8 34. Qh2 Nd8
35. Rh5 Nf7 36. Qg2 Qg8 37. R1h3 Nd8 38. Qe2 Ne6 39. Qh2 Qf8 40. Be2 Qe8 41. Bd1
Nf4 42. Bxf4 exf4 43. Ka2 Qe5 44. Bb3 Ka7 45. Qd2 Rf7 46. Rh1 Rg8 47. R5h2 Rb8
48. Rb1 Rc7 49. Qd3 b6 50. Rc2 Kb7 51. Qe2 Kc8 52. Qh2 Kd8 53. Qe2 Ke7 54. Qh2
Kf8 55. Qe2 Rbc8 56. Rh1 Re7 57. Qd3 Rb8 58. Rb1 Re6 59. Rh2 Rg6 60. Rbh1 Ke7
61. Qe2 Rf8 62. Qd3 Rff6 63. Qf1 Qe6 64. Rh5 Kd8 65. Qh3 b5 66. Qf1 Qd7 1/2-1/2

[Event "21st European Teams Women"]
[Site "Hersonissos GRE"]
[Date "2017.11.05"]
[Round "8.6"]
[Board "4"]
[White "Kazarian, Anna-Maja"]
[Black "Gajcin, Marina"]
[Result "0-1"]
[WhiteTitle "FM"]
[BlackTitle "WFM"]
[WhiteElo "2191"]
[BlackElo "2135"]
[WhiteTeam "Netherlands"]
[BlackTeam "Serbia"]
[WhiteFideId "1033689"]
[BlackFideId "949086"]
[EventDate "2017.10.28"]

1. e4 c5 2. Nf3 d6 3. d4 cxd4 4. Nxd4 Nf6 5. Nc3 a6 6. Be2 e5 7. Nb3 Be7 8. O-O
O-O 9. a4 Be6 10. f4 exf4 11. Bxf4 Nc6 12. Kh1 d5 13. e5 Ne4 14. Bd3 f5 15. exf6
Nxf6 16. Ne2 Qd7 17. Ned4 Bg4 18. Be2 Rae8 19. Bxg4 Nxg4 20. Qd3 Bd6 21. Bg3
Nce5 22. Rxf8+ Rxf8 23. Qe2 Nc4 24. Bxd6 Nf2+ 25. Kg1 Qxd6 26. Qe6+ Qxe6 27.
Nxe6 Rf6 28. Nbd4 Ne4 29. b3 Ne3 30. Re1 Nxc2 31. Rc1 Nxd4 32. Rc8+ Kf7 33. Nxd4
Kg6 34. Rc7 Rf7 35. Ne6 Rxc7 36. Nxc7 Nc3 37. Kf2 Kf5 38. Ne8 Ke5 39. Nxg7 Ne4+
40. Ke3 Nc5 41. b4 d4+ 42. Kf3 Nxa4 43. g4 Nc3 44. h4 Nd5 45. g5 Nxb4 46. h5 Nd5
47. Ne8 b6 48. g6 hxg6 49. hxg6 Ne7 50. g7 a5 51. Nc7 a4 52. Nb5 Kd5 53. Kf4 Kc5
54. Na3 Kb4 55. Nc2+ Kc3 56. Na3 d3 57. Ke5 d2 58. Nb1+ Kc2 59. Nxd2 Kxd2 60.
Ke6 Ng8 61. Kf7 a3 62. Kxg8 a2 63. Kh7 a1=Q 64. g8=Q Qh1+ 65. Kg7 Qg2+ 0-1

[Event "21st European Teams Women"]
[Site "Hersonissos GRE"]
[Date "2017.11.05"]
[Round "8.7"]
[Board "2"]
[White "Mamedjarova, Zeinab"]
[Black "Skripchenko, Almira"]
[Result "1-0"]
[WhiteTitle "WGM"]
[BlackTitle "IM"]
[WhiteElo "2298"]
[BlackElo "2399"]
[WhiteTeam "Azerbaijan"]
[BlackTeam "France"]
[WhiteFideId "13401521"]
[BlackFideId "13900145"]
[EventDate "2017.10.28"]

1. d4 Nf6 2. Nf3 e6 3. e3 d5 4. Bd3 c5 5. O-O Nc6 6. b3 Bd6 7. Bb2 O-O 8. Nbd2
b6 9. a3 Bb7 10. Re1 Ne4 11. Nxe4 dxe4 12. Bxe4 Qe7 13. c4 f5 14. Bd3 e5 15.
dxe5 Nxe5 16. Nxe5 Bxe5 17. Qc2 Rad8 18. Bxe5 Qxe5 19. Rad1 g6 20. Re2 Rd6 21.
Red2 f4 22. exf4 Rxf4 23. Bf1 Rh4 24. g3 Rhd4 25. Rxd4 cxd4 26. Qe2 Qxe2 27.
Bxe2 Be4 28. Bd3 Bf3 29. Re1 Kf7 30. b4 Rd8 31. Kf1 Kf6 32. Be4 Bg4 33. f3 Be6
34. Bd3 Rc8 35. Rc1 g5 36. Ke1 Bd5 37. Kf2 Be6 38. c5 bxc5 39. Rxc5 Rxc5 40.
bxc5 Ke5 41. Bxh7 Kd5 42. Bg6 Kxc5 43. h4 gxh4 44. gxh4 Kd6 45. h5 Ke7 46. h6
Kf6 47. h7 Kg7 48. f4 Bb3 49. f5 1-0